00583 2200205 4500001002100000005001500021035002000036007000300056008004100059245006700100260003800167020002200205082001000227084001600237250001400253100003100267300005300298650001000351990001600361INLIS00000000000030420221027120201 a0010-1022000046ta221027 b 1 ind 1 aKomik Next-G: Waktu Bersama Mama /cAlexandrina Victoria Najma aBandung :bMuffin Graphics,c2018 a978-602-367-543-2 a741.5 a741.5 ALE k aCetakan 20 aAlexandrina Victoria Najma a104 halaman :bilustrasi tidak berwarna ;c21 cm 4akomik a00000000402